[Event "11th Metropolitan Invitational"]
[Site "Los Angeles USA"]
[Date "2011.08.26"]
[Round "7"]
[White "Altounian,L"]
[Black "Siddharth,R"]
[Result "1/2-1/2"]
[WhiteElo "2431"]
[BlackElo "2387"]

1.Nf3 d5 2.g3 Nf6 3.Bg2 c6 4.O-O Bf5 5.d3 e6 6.c4 dxc4 7.dxc4 Qxd1 8.Rxd1 Nbd7
9.Nc3 h6 10.Bf4 Be7 11.Ne5 Nxe5 12.Bxe5 O-O 13.e4 Bg6 14.Bd6 Bxd6 15.Rxd6 Rfd8
16.Rad1 Rxd6 17.Rxd6 Kf8 18.f4 Ke7 19.Rd2 Nd7 20.Kf2 f6 21.h4 Bf7 22.b3 Rg8
23.Bf3  1/2-1/2

[Event "11th Metropolitan Invitational"]
[Site "Los Angeles USA"]
[Date "2011.08.26"]
[Round "7"]
[White "Molner,M"]
[Black "Khachiyan,M"]
[Result "1/2-1/2"]
[WhiteElo "2447"]
[BlackElo "2505"]

1.Nf3 d5 2.g3 Nf6 3.Bg2 g6 4.O-O Bg7 5.c4 c6 6.d4 O-O 7.Nbd2 Bf5 8.b3 a5
9.Bb2 a4 10.bxa4 Qa5 11.Qb3 Ra7 12.Ba3 b5 13.cxb5 cxb5 14.Bc5 bxa4 15.Qb4 Qxb4
16.Bxb4 Rb7 17.Ba3 Ne4 18.e3 Nxd2 19.Nxd2 Rd8 20.Rfe1 e6  1/2-1/2

[Event "23rd Schlosspark-Open"]
[Site "Wiesbaden GER"]
[Date "2011.08.26"]
[Round "2.29"]
[White "Giese,Tilman"]
[Black "Minz,M"]
[Result "0-1"]
[WhiteElo "1967"]
[BlackElo "2107"]

1.Nf3 d5 2.g3 Nf6 3.Bg2 b6 4.c4 e6 5.Nc3 Bb7 6.Ne5 Nfd7 7.Qa4 c6 8.d4 Nxe5
9.dxe5 Nd7 10.cxd5 Nc5 11.Qg4 cxd5 12.O-O Nd7 13.Qa4 a6 14.f4 g6 15.Rd1 b5
16.Qc2 Rc8 17.a3 Qb6+ 18.e3 b4 19.axb4 Bxb4 20.Qa4 Rc5 21.Ne2 O-O 22.Nd4 Rfc8
23.Bd2 Bxd2 24.Rxd2 Nb8 25.Bf1 Nc6 26.Kf2 Nxd4 27.exd4 Rc1 28.Ra3 Bc6 29.Qxa6 Qxa6
30.Rxa6 Rxf1+ 31.Kg2 Rc1 32.Rb6 Rc7 33.Rb8+ Kg7 34.b4 Rb7 35.Rc8 Rxb4 36.Ra2 Rcc4
37.Ra7 Rb7 38.Ra2 Bd7 39.Rd8 Rxd4 40.Raa8 Bc6 41.Rac8 Rc4 42.g4 Rb2+ 43.Kg3 Rc3+
44.Kh4 Rxh2+  0-1

[Event "13th Sants Open"]
[Site "Barcelona ESP"]
[Date "2011.08.27"]
[Round "9"]
[White "Blomqvist,E"]
[Black "Gonzalez Garcia,J2"]
[Result "1/2-1/2"]
[WhiteElo "2438"]
[BlackElo "2522"]

1.Nf3 d5 2.g3 c6 3.Bg2 Bg4 4.O-O Nd7 5.d4 Ngf6 6.Nbd2 e6 7.Re1 Be7 8.e4 O-O
9.c3 c5 10.exd5 Nxd5 11.Qb3 cxd4 12.Nxd4 Nc5 13.Qc4 Rc8 14.N2f3 Bf6 15.Nb3 Nxb3
16.Qxb3 Nxc3 17.bxc3 Rxc3 18.Qxb7 Rc7 19.Qxc7 Qxc7 20.Bf4 Qc2 21.Ne5 Bf5
22.Rac1 Qxa2 23.Nd7 Bd4 24.Red1 Qxf2+ 25.Kh1 Re8 26.Rd2 e5 27.Rxf2 Bxf2 28.Nxe5 g5
29.Nxf7 Kxf7 30.Bxg5 Re1+ 31.Rxe1 Bxe1 32.Kg1 a5 33.Bc1 Bb4 34.Kf2 a4 35.Ke3 a3
36.Bd5+ Be6 37.Bxa3 Bxa3 38.Bxe6+ Kxe6 39.g4 Ke5 40.h4 Be7 41.g5 Kf5 42.Kf3 Bd6
43.h5 Kxg5 44.Kg2 Kxh5  1/2-1/2

[Event "23rd Porto San Giorgio Open"]
[Site "Porto San Giorgio ITA"]
[Date "2011.08.27"]
[Round "8"]
[White "Palit,S"]
[Black "Korneev,O"]
[Result "0-1"]
[WhiteElo "2372"]
[BlackElo "2588"]

1.Nf3 d5 2.g3 c6 3.Bg2 Nf6 4.O-O Bg4 5.d4 e6 6.Nbd2 Nbd7 7.Re1 Be7 8.e4 O-O
9.c3 Bh5 10.h3 a5 11.exd5 cxd5 12.a4 Ne8 13.Qb3 Nd6 14.Ne5 Rc8 15.g4 Bg6
16.Nxg6 hxg6 17.Nf3 Nc4 18.Nd2 Nxd2 19.Bxd2 Nb6 20.Bf4 Nc4 21.Bf1 Bd6 22.Bxd6 Qxd6
23.Bxc4 Rxc4 24.Kg2 Qc6 25.h4 Rb8 26.Qb5 Qxb5 27.axb5 a4 28.Ra3 Ra8 29.f3 Ra5
30.b4 Ra8 31.Kf2 Rac8 32.Re3 Kf8 33.f4 Ke7 34.Ke2 Kd6 35.Kd2 Ra8 36.Ke2 Rcc8
37.Kf2 Rh8 38.Kg3 Kc7 39.f5 gxf5 40.gxf5 Rh6 41.Re5 Kb6 42.fxe6 Rg6+ 43.Kf2 fxe6
44.h5 Rf8+ 45.Ke2 Rg2+ 46.Ke1 Kxb5 47.Rxe6 Rff2 48.Re5 Rh2 49.Rxd5+ Kb6 50.Ra1 Rb2  0-1

[Event "Lyudmila Rudenko Mem"]
[Site "St Petersburg RUS"]
[Date "2011.08.27"]
[Round "5"]
[White "Shaidullina,S"]
[Black "Styazhkina,A"]
[Result "1-0"]
[WhiteElo "2158"]
[BlackElo "2039"]

1.Nf3 d5 2.g3 c6 3.Bg2 Bg4 4.O-O Nd7 5.d4 e6 6.Re1 f5 7.Ng5 Qf6 8.f3 Bh5
9.e4 fxe4 10.g4 h6 11.Nxe4 dxe4 12.gxh5 exf3 13.Bxf3 O-O-O 14.Nc3 g6 15.Ne4 Qf7
16.Ng3 Bd6 17.Bg4 gxh5 18.Bxh5 Qg7 19.Qg4 Qf8 20.Rf1 Ngf6 21.Qxe6 Bxg3 22.hxg3 Qg7
23.Bf3 Qxg3+ 24.Bg2 Rhg8 25.Qe2 Rg4 26.Qf3 Qh4 27.Bf4 Rdg8 28.Rf2 Nd5 29.Bd6 Qg5
30.Re1 Qg6 31.Bh2 Rxd4 32.Kh1 Rh4 33.Bh3 Rd8 34.Bf5 Qg7 35.Rg1 Qe5 36.Re2 Qd6
37.Bh3 Qf8 38.Qg3 Rf4 39.c4 Qc5 40.cxd5 Rdf8 41.dxc6 Qxc6+ 42.Bg2 Qc4 43.Qe3  1-0

[Event "Lyudmila Rudenko Mem"]
[Site "St Petersburg RUS"]
[Date "2011.08.27"]
[Round "5"]
[White "Tskhadadze,A"]
[Black "Butuc,M"]
[Result "0-1"]
[WhiteElo "1761"]
[BlackElo "2172"]

1.Nf3 d5 2.g3 Nf6 3.Bg2 c6 4.O-O Bg4 5.d4 Nbd7 6.h3 Bh5 7.g4 Bg6 8.Bf4 e6
9.Nbd2 Ne4 10.h4 h5 11.g5 Be7 12.Ne5 Nxe5 13.Bxe5 f6 14.Nxe4 dxe4 15.gxf6 Bxf6
16.Bh3 Bf5 17.Kh2 Bxe5+ 18.dxe5 Qxh4 19.Rh1 Qxh3+ 20.Kg1 Qg4+ 21.Kf1 e3 22.Qc1 exf2
23.Kxf2 O-O 24.Rg1 Bd3+ 25.Ke3 Qxe2+ 26.Kd4 Rad8+ 27.Kc3 Qxe5+ 28.Kb3 Qb5+
29.Ka3 Qc5+ 30.Ka4 Bb5+  0-1

[Event "Bent Larsen ITT"]
[Site "Buenos Aires ARG"]
[Date "2011.08.28"]
[Round "7"]
[White "Claverie,R"]
[Black "Zapata Ferrada,M"]
[Result "0-1"]
[WhiteElo "2480"]
[BlackElo "2380"]

1.Nf3 d5 2.g3 Nc6 3.Bg2 e5 4.d3 f6 5.Nbd2 Be6 6.c3 Qd7 7.b4 Bd6 8.e4 Nge7
9.O-O O-O 10.Qe2 a5 11.bxa5 Rxa5 12.exd5 Nxd5 13.Ne4 Be7 14.Bb2 Rfa8 15.d4 exd4
16.Nxd4 Nxd4 17.cxd4 Bh3 18.Bxh3 Qxh3 19.Nc3 Qd7 20.Qc4 c6 21.Rfe1 Bf8 22.Ne4 Bb4
23.Red1 Qg4 24.Bc3 Rxa2 25.Rxa2 Qxd1+ 26.Kg2 Rxa2 27.Qxa2 Bf8 28.Bd2 b5 29.Nc3 Qg4
30.Nxd5 Qxd4 31.f3 Qxd5 32.Qb2 Qc4 33.Be3 b4 34.Kf2 b3 35.Qc1 Qxc1 36.Bxc1 c5  0-1

[Event "18th Graz Open"]
[Site "Graz AUT"]
[Date "2011.08.28"]
[Round "2"]
[White "Stagl,M"]
[Black "Pretterhofer,K"]
[Result "0-1"]
[WhiteElo "2124"]
[BlackElo "1986"]

1.Nf3 d5 2.g3 Nf6 3.Bg2 e6 4.O-O Be7 5.c4 c6 6.b3 O-O 7.Bb2 Nbd7 8.d4 b6
9.Nbd2 Bb7 10.Ne5 c5 11.e3 Rc8 12.Rc1 Ne8 13.cxd5 exd5 14.Ndf3 Ba6 15.Re1 c4
16.bxc4 dxc4 17.Qa4 Nxe5 18.Nxe5 Nc7 19.Nc6 Qe8 20.Nxe7+ Qxe7 21.Ba3 Qe8
22.Bc6 Qe6 23.Bxf8 b5 24.d5 Qxc6 25.dxc6 bxa4 26.Bc5 Ne6 27.Bxa7 Rxc6 28.Rb1 c3
29.Rb6 Rxb6 30.Bxb6 c2 31.f4 Kf8 32.Kf2 Ke7 33.Rc1 Bd3 34.Ke1 Kd6 35.Kd2 Be4
36.Rxc2 Bxc2 37.Kxc2 Kc6 38.Bd4 Kd5 39.Kd3 f5 40.h3 h5 41.g4 Nxd4 42.exd4 hxg4
43.hxg4 fxg4 44.Ke3 a3 45.f5 g3 46.Kf3 Kxd4 47.Kxg3 Kc3 48.Kg4 Kb2 49.Kg5 Kxa2
50.Kg6 Kb3 51.Kxg7 a2 52.f6 a1=Q 53.Kg6  0-1

[Event "26th Schwarzacher Open"]
[Site "Schwarzach AUT"]
[Date "2011.08.28"]
[Round "9"]
[White "Kovacevic,Bl"]
[Black "Lund,E"]
[Result "1/2-1/2"]
[WhiteElo "2480"]
[BlackElo "2388"]

1.Nf3 d5 2.g3 c6 3.Bg2 Bg4 4.c4 e6 5.cxd5 exd5 6.O-O Nf6 7.d3 Bc5 8.Qb3 Qb6
9.Qc2 Nbd7 10.Nc3 Qc7 11.Bf4 Qd8 12.e4 O-O 13.h3 Be6 14.Na4 Be7 15.Nd4 Rc8
16.Rac1 a6 17.Nc3 Bc5 18.Nce2 Re8 19.Nxe6 fxe6 20.d4 Ba7 21.e5 Nh5 22.Be3 g6
23.Qd2 Qe7 24.g4 Ng7 25.f4 Rf8 26.Kh2 Rf7 27.Ng1 Bb6 28.Nf3 Bd8 29.Rf2 Qf8
30.Bf1 c5 31.Bd3 c4 32.Bb1 b5 33.Kg2 Qe8 34.Nh2 Nf8 35.Kh1 Kh8 36.Qe2 b4
37.Qf1 a5 38.b3 Bh4 39.Rfc2 c3 40.Nf3 Bd8 41.Rf2 a4 42.Qa6 Be7 43.Qxa4 Qxa4
44.bxa4 Nd7 45.Bc2 Nb6 46.Rb1 Nc4 47.Bc1 Ne8 48.Kg2 Nc7 49.Kf1 Na6 50.Ng1 Nb8
51.Ne2 Nc6 52.Rf3 Rff8 53.Bd3 Ra8 54.Bc2 Rfe8 55.Bd3  1/2-1/2

[Event "10th Sunny Beach Open"]
[Site "Sunny Beach BUL"]
[Date "2011.08.28"]
[Round "2.6"]
[White "Miron,L"]
[Black "Andreev,Sa"]
[Result "1-0"]
[WhiteElo "2506"]
[BlackElo "2255"]

1.Nf3 d5 2.g3 Nf6 3.Bg2 c6 4.O-O Bg4 5.d4 Nbd7 6.Nbd2 e6 7.Re1 Bd6 8.e4 Nxe4
9.Nxe4 dxe4 10.Rxe4 Bf5 11.Re1 O-O 12.c3 h6 13.Nd2 Bc7 14.Qb3 Qb8 15.Nc4 a5
16.a4 Ra6 17.Bf1 Ra8 18.Bg2 Ra6 19.Qd1 Rd8 20.Qe2 c5 21.Be3 Nf6 22.Na3 cxd4
23.Bxd4 Bb6 24.Bxf6 gxf6 25.Rad1 Rxd1 26.Rxd1 Bc5 27.Nb5 Qe5 28.Qd2 Kg7 29.Bxb7 Rb6
30.Bf3 Bg6 31.Re1 Qg5 32.Qxg5 fxg5 33.Be4 f5 34.Bd3 Kf6 35.Rb1 Be8 36.Bc4 Bc6
37.b3 h5 38.Nc7 Bxa4 39.Nxe6 Bd6 40.Rd1 Bd7 41.Nd4 h4 42.Nc2 hxg3 43.hxg3 a4
44.Ne3  1-0

[Event "TCh-SUI 2011"]
[Site "Switzerland SUI"]
[Date "2011.08.28"]
[Round "7.2"]
[White "Sermier,G"]
[Black "Dreev,A"]
[Result "0-1"]
[WhiteElo "2421"]
[BlackElo "2694"]

1.Nf3 d5 2.g3 c6 3.Bg2 Bf5 4.d3 e6 5.Nbd2 Nf6 6.O-O Be7 7.Qe1 h6 8.e4 Bh7
9.Ne5 O-O 10.f4 Nfd7 11.Nef3 c5 12.Kh1 Nc6 13.c3 Qc7 14.Qe2 b5 15.Re1 a5
16.Nf1 c4 17.dxc4 bxc4 18.Ne5 Ndxe5 19.fxe5 d4 20.Qxc4 dxc3 21.bxc3 Rac8
22.Ne3 Nxe5 23.Qe2 Qxc3 24.Bb2 Qc7 25.Rac1 Qb8 26.Rb1 Bg6 27.Ba1 Qc7 28.Rb5 Bf6
29.Nf5 Rfd8 30.Rf1 Kh7 31.Bxe5 Bxe5 32.Nh4 Rb8 33.Nxg6 Rxb5 34.Qxb5 Kxg6
35.a4 Rd2 36.Bf3 Qc3 37.Qb1 Rc2 38.Qb6 Qd3 39.Bg2 Qd2  0-1

[Event "TCh-SUI 2011"]
[Site "Switzerland SUI"]
[Date "2011.08.28"]
[Round "7.2"]
[White "Hickl,J"]
[Black "Huebner,R"]
[Result "1/2-1/2"]
[WhiteElo "2572"]
[BlackElo "2600"]

1.g3 d5 2.Nf3 c6 3.Bg2 Bg4 4.c4 e6 5.b3 Nd7 6.Bb2 Ngf6 7.O-O Bd6 8.d3 Qe7
9.a3 O-O 10.Nbd2 e5 11.Nh4 Qe6 12.Re1 Rfe8 13.b4 Rad8 14.Qb3 dxc4 15.Qxc4 Nb6
16.Qc2 Bh3 17.Bh1 h6 18.Rac1 Nfd7 19.Nb3 Bf8 20.Nf3 Rc8 21.Nfd2 c5 22.b5 Nd5
23.Na5 b6 24.Nac4 f6 25.Qb3 Nc7 26.a4 Qf7 27.Ne4 Rb8 28.Qa3 Red8 29.e3 Be7
30.Qa1 Nf8 31.d4 exd4 32.exd4 Nfe6 33.dxc5  1/2-1/2

[Event "TCh-SUI 2011"]
[Site "Switzerland SUI"]
[Date "2011.08.28"]
[Round "7.5"]
[White "Hug,W"]
[Black "Fierz,M"]
[Result "1-0"]
[WhiteElo "2475"]
[BlackElo "2326"]

1.Nf3 d5 2.g3 Nf6 3.Bg2 c6 4.c4 dxc4 5.O-O Bf5 6.Na3 Nbd7 7.Nxc4 e6 8.d4 Nb6
9.Na5 Qc8 10.Ne5 Be4 11.f3 Bg6 12.Qb3 Be7 13.Bg5 O-O 14.Rac1 Re8 15.Rfd1 Nfd5
16.Bd2 Bd6 17.Nxg6 hxg6 18.e4 Ne7 19.Bh3 Qd7 20.Be3 Red8 21.a3 Rab8 22.Qa2 Bc7
23.b4 Nbc8 24.Nb3 b6 25.Qc2 Rb7 26.b5 cxb5 27.d5 Qe8 28.dxe6 Rxd1+ 29.Qxd1 Nd6
30.Rxc7  1-0

[Event "1st Alghero Open"]
[Site "Alghero ITA"]
[Date "2011.08.29"]
[Round "4.10"]
[White "Cangiotti,C"]
[Black "Guramishvili,S"]
[Result "0-1"]
[WhiteElo "2197"]
[BlackElo "2329"]

1.Nf3 d5 2.g3 c5 3.Bg2 Nc6 4.d3 e5 5.O-O Be7 6.Nbd2 Nf6 7.e4 Be6 8.Ng5 Bg4
9.f3 Bh5 10.c3 dxe4 11.dxe4 Qd3 12.Re1 Rd8 13.Bf1 Qd7 14.Qe2 h6 15.Nh3 O-O
16.Nf2 Qc7 17.Nc4 b5 18.Ne3 c4 19.Nf5 Bc5 20.Be3 Ne7 21.g4 Bg6 22.Rad1 Bxf5
23.exf5 Rxd1 24.Rxd1 Bxe3 25.Qxe3 Ned5 26.Qd2 Qc6 27.h4 Nf4 28.Qe3 Qc7 29.g5 hxg5
30.hxg5 Nh7 31.Nh3 Nxh3+ 32.Bxh3 Rd8 33.Rxd8+ Qxd8 34.f6 gxf6 35.g6 Qd1+
36.Bf1 fxg6 37.Qxa7 Ng5 38.Qb8+ Kg7 39.Qxb5 Nh3+ 40.Kg2 Nf4+ 41.Kg1 Qxf3
42.Qxc4 e4 43.Qc7+ Kh6 44.Qc5 e3 45.Qf8+ Kg5 46.Qc5+ Kh4 47.a4 Qf2+  0-1

[Event "XXVIII Collado Villalba Open"]
[Site "Collado Villalba ESP"]
[Date "2011.08.29"]
[Round "7"]
[White "Hernandez Castro,J"]
[Black "Barahona Torrijos,A"]
[Result "1-0"]
[WhiteElo "1838"]
[BlackElo "1902"]

1.Nf3 d5 2.g3 Bg4 3.Bg2 f6 4.d3 e5 5.Nbd2 Qd7 6.h3 Be6 7.e4 c6 8.c3 Na6 9.exd5 cxd5
10.O-O h5 11.h4 Bd6 12.b4 Bg4 13.Qb3 Ne7 14.c4 Bxb4 15.a3 Bxd2 16.Bxd2 Nc5
17.Qc3 d4 18.Qc2 a5 19.Rfe1 Bf5 20.Bf1 Nc6 21.Rab1 Bg4 22.Nh2 Qf5 23.f4 O-O
24.Rb5 exf4 25.Bxf4 Na7 26.Rbb1 Rfe8 27.Nxg4 hxg4 28.Qd2 Nc6 29.Bd6 Ne5 30.Rxe5 Rxe5
31.Bxe5 fxe5 32.Bg2 Rf8 33.Rf1 Qxd3 34.Bd5+ Kh7 35.Qxd3+ Nxd3 36.Rxf8  1-0

[Event "1st ASDEC Open A"]
[Site "Messina ITA"]
[Date "2011.08.29"]
[Round "2"]
[White "Gangemi,S"]
[Black "Carbone,Stefano"]
[Result "1/2-1/2"]
[WhiteElo "2065"]
[BlackElo "1911"]

1.Nf3 d5 2.g3 Nf6 3.Bg2 c6 4.O-O Bf5 5.d4 e6 6.c4 Be7 7.Nc3 O-O 8.Bf4 dxc4
9.Ne5 Nbd7 10.e4 Bg6 11.Nxc4 Nb6 12.Ne5 Nfd7 13.Nxg6 hxg6 14.g4 e5 15.dxe5 Nc5
16.Qe2 Qd3 17.Rad1 Qxe2 18.Nxe2 g5 19.Be3 Rfd8 20.Nd4 Nc4 21.Nf5 Nxe3 22.fxe3 Bf8
23.Nd6 Bxd6 24.exd6 Nd7 25.Kf2 Ne5 26.Rd4 Nxg4+ 27.Ke2 Ne5 28.Rc1 f6 29.Bh3 g4
30.Bg2 Kf7 31.Kf2 Ke6 32.Rcd1 Rd7 33.h3 Rad8 34.hxg4 g5 35.Kg3 Rxd6 36.Bf1 c5
37.Rxd6+ Rxd6 38.Rc1 b6 39.Rc2 Rd1 40.Be2 Rd8 41.a3 Ra8 42.Ba6 Rd8 43.b4 cxb4
44.axb4 Rd1 45.Be2 Rb1 46.b5 Ra1 47.Kf2 Kd6 48.Rd2+ Ke7 49.Rc2 Nd7 50.Rc6 Nc5
51.Kf3 Ra4 52.Bd1 Ra5 53.Be2 Ra4  1/2-1/2

[Event "Lyudmila Rudenko Mem"]
[Site "St Petersburg RUS"]
[Date "2011.08.29"]
[Round "7"]
[White "Tskhadadze,A"]
[Black "Shulakova,S"]
[Result "1/2-1/2"]
[WhiteElo "1761"]
[BlackElo "2177"]

1.Nf3 d5 2.g3 c6 3.Bg2 Bg4 4.O-O Nf6 5.d4 Nbd7 6.h3 Bh5 7.Bf4 e6 8.Nbd2 c5
9.c3 Be7 10.Ne5 Nxe5 11.Bxe5 O-O 12.c4 Rc8 13.dxc5 dxc4 14.Bxb7 Rxc5 15.Bxf6 Bxf6
16.Ne4 Rb5 17.Ba6 Rxb2 18.Nxf6+ Qxf6 19.Bxc4 Qe5 20.Qa4 a5 21.Rab1 Bxe2 22.Rxb2 Qxb2
23.Bxe2 Qxe2 24.Qxa5 h6 25.a4 Rc8 26.Qb5 Qa2 27.Rb1 Rc2 28.Rf1 Kh7 29.Qd3+ g6
30.a5 Rc5 31.Qd7 e5 32.a6 Ra5 33.Qe7 Rxa6 34.Qxe5  1/2-1/2

[Event "TCh-SRB Premier Men"]
[Site "Valjevo SRB"]
[Date "2011.08.29"]
[Round "3.2"]
[White "Markus,Rob"]
[Black "Mastrovasilis,A"]
[Result "1-0"]
[WhiteElo "2652"]
[BlackElo "2537"]

1.Nf3 d5 2.g3 Nf6 3.Bg2 c6 4.O-O Bf5 5.d3 e6 6.Nfd2 e5 7.e4 dxe4 8.dxe4 Be6
9.Qe2 Bc5 10.Nb3 Bb6 11.Na3 O-O 12.Nc4 Nbd7 13.a4 Qe7 14.h3 Rfd8 15.Kh2 Ne8
16.Nbd2 Nd6 17.Nxd6 Qxd6 18.Nc4 Qb4 19.Nxb6 axb6 20.b3 Nc5 21.Qe3 Qd4 22.Rb1 Na6
23.f4 c5 24.Qe1 exf4 25.gxf4 f5 26.Bb2 Qd7 27.Rg1 Qf7 28.Bh1 g6 29.Qc3 Rd4
30.Qe3 Nb4 31.Rbc1 Rad8 32.Bxd4 Rxd4 33.exf5 Bxf5 34.Rcd1 Nxc2 35.Qe5 Qd7
36.Bd5+ Qxd5 37.Qxd5+ Rxd5 38.Rxd5 Nd4 39.Rd6 b5 40.axb5 Nxb5 41.Rb6 Nd4
42.Rc1  1-0

[Event "TCh-SRB Premier Men"]
[Site "Valjevo SRB"]
[Date "2011.08.29"]
[Round "3.2"]
[White "Farkas,Ti"]
[Black "Solak,D"]
[Result "0-1"]
[WhiteElo "2260"]
[BlackElo "2598"]

1.Nf3 d5 2.g3 Nf6 3.Bg2 c6 4.O-O Bf5 5.d3 e6 6.Nbd2 Be7 7.Qe1 h6 8.e4 Bh7
9.Qe2 O-O 10.Re1 a5 11.a4 Na6 12.e5 Nd7 13.Nd4 Nb4 14.N2f3 c5 15.Nb5 c4 16.Rd1 cxd3
17.cxd3 Nc5 18.Ne1 d4 19.Qg4 Bf5 20.Qxd4 Nb3 21.Qxd8 Raxd8 22.Be3 Nxa1 23.Rxa1 Nxd3
24.Bb6 Rd7 25.Nxd3 Bxd3 26.Nd6 Bc2 27.Bxa5 Bxd6 28.exd6 Rxd6 29.Bxb7 Rd1+
30.Rxd1 Bxd1 31.Bc7 Bxa4 32.b4 Bb5 33.f4 f6 34.Ba5 Rb8 35.Be4 Rc8 36.Kf2 Rc3
37.f5 Kf7 38.h4 exf5 39.Bxf5 g6 40.Be4 f5 41.Bd5+ Kf6 42.Bb6 Ke5 43.Bf3 f4
44.g4 Rc4 45.Bc5 Rc2+ 46.Ke1 Bc4 47.Bf8 Kd4 48.Bc5+ Kd3 49.Bc6 Be6 50.Bf3 Rb2
51.Kf1 Bd7 52.Ke1 Rb1+ 53.Kf2 Rb2+ 54.Ke1 g5 55.hxg5 hxg5 56.Kf1 Bb5 57.Ke1 Ba4
58.Bb7 Re2+ 59.Kf1 Bb5 60.Bf3 Re6 61.Kf2 Bc6 62.Bd1 Re8 63.Bb6 Kd2 64.Bf3 Bxf3
65.Kxf3 Kd3 66.Bf2 Re3+ 67.Kg2 Re2 68.b5 Ke4 69.b6 Rb2  0-1

[Event "18th Graz Open"]
[Site "Graz AUT"]
[Date "2011.08.30"]
[Round "4"]
[White "Moser,E"]
[Black "Schnider,G"]
[Result "1-0"]
[WhiteElo "2432"]
[BlackElo "2375"]

1.g3 d5 2.Nf3 c6 3.c4 dxc4 4.Bg2 Nf6 5.O-O Nbd7 6.Qc2 Nb6 7.a4 a5 8.Na3 Qd5
9.Ne1 Qe6 10.e4 g6 11.d3 cxd3 12.Nxd3 Bg7 13.Be3 Nfd7 14.Rab1 O-O 15.b4 axb4
16.Rxb4 Ra6 17.Rfb1 Na8 18.Nc4 b5 19.Nf4 Qf6 20.axb5 cxb5 21.Nd5 Qe6 22.Rxb5 Rc6
23.Qa4 Ba6 24.R5b4 Rfc8 25.Nf4 Qxc4 26.Rxc4 Bxc4 27.e5 Nab6 28.Qxc6 Rxc6
29.Bxc6  1-0

[Event "FIDE World Cup 2011"]
[Site "Khanty-Mansiysk RUS"]
[Date "2011.08.30"]
[Round "1.5"]
[White "Khairullin,I"]
[Black "Ni Hua"]
[Result "0-1"]
[WhiteElo "2649"]
[BlackElo "2662"]

1.Nf3 d5 2.g3 c6 3.Bg2 Bg4 4.c4 e6 5.Qb3 Qb6 6.Qc2 Nf6 7.O-O Nbd7 8.d3 dxc4
9.Qxc4 Bxf3 10.Bxf3 Ne5 11.Qf4 Nxf3+ 12.Qxf3 Be7 13.Nd2 O-O 14.Nc4 Qb5 15.Bd2 Rfd8
16.Ba5 Rd7 17.Bc3 Qd5 18.Qf4 Qh5 19.Ne5 Rd5 20.g4 Nxg4 21.Nxg4 Bd6 22.Qf3 Rg5
23.h3 f5 24.Qe3 Rxg4+ 25.Kh1 Re8 26.f4 Bc5 27.Qf3 Rh4 28.Qxh5 Rxh5 29.Kg2 g5
30.e4 gxf4 31.Rxf4 Kf7 32.exf5 exf5 33.Raf1 Re2+ 34.Kf3 Re3+ 35.Kg2 Rg5+
36.Rg4 Re2+ 37.Kg3 Kg6 38.Rxg5+ Kxg5 39.h4+ Kg6 40.Kf3 Re3+ 41.Kf4 Rh3 42.Ke5 Rxh4
43.Rxf5 Rh5 44.Rxh5 Kxh5 45.d4 Bb6 46.Kd6 Kg4 47.a4 a5 48.Kd7 h5 49.Kc8 h4
50.Kxb7 h3 51.Kxb6 h2 52.Kxa5 h1=Q 53.Kb6 Kf5 54.a5 Qd5 55.Kc7 Qb5 56.Kd6 Ke4
57.Kc7 Kd5  0-1

[Event "Lyudmila Rudenko Mem"]
[Site "St Petersburg RUS"]
[Date "2011.08.30"]
[Round "8"]
[White "Shaidullina,S"]
[Black "Goryachkina,A"]
[Result "0-1"]
[WhiteElo "2158"]
[BlackElo "2153"]

1.Nf3 d5 2.g3 c6 3.Bg2 Nf6 4.O-O Bg4 5.d4 Nbd7 6.Nbd2 e6 7.Re1 Be7 8.e4 dxe4
9.Nxe4 O-O 10.c3 Nxe4 11.Rxe4 Bxf3 12.Bxf3 Bg5 13.Qb3 Bxc1 14.Rxc1 Qb6 15.Qc2 Nf6
16.Re2 Rad8 17.h4 h6 18.Kg2 Rfe8 19.Rce1 Rd7 20.Re5 Rde7 21.b4 Nd7 22.R5e2 Nf6
23.a4 a5 24.Rb1 axb4 25.Rxb4 Qa6 26.c4 Rd8 27.Qc3 Red7 28.Reb2 Rxd4 29.Rb6 Qxc4
30.Qxc4 Rxc4 31.a5 Ra8 32.Rxb7 Rxa5 33.Rc7 Ra8 34.Rbb7 Rf8 35.Bxc6 Rc2 36.Bf3 Rxc7
37.Rxc7 Rd8 38.Kf1 Kf8 39.Ke2 Rd7 40.Rc8+ Ke7 41.Ra8 Rc7 42.Kd2 Ne8 43.Rb8 Ra7
44.Bc6 Nf6 45.Ke2 Ng4 46.Rb7+ Rxb7 47.Bxb7 Nf6 48.f4 Kd6 49.Kf3 h5 50.Ba6 Kc5
51.Bd3 Kd4 52.Bb1 Nd5 53.Bh7 Ne7 54.Bb1 f6 55.g4 hxg4+ 56.Kxg4 Nd5 57.Ba2 Ke4
58.Bb1+ Ke3 59.f5 e5 60.h5 Nf4 61.Bc2 e4 62.Ba4 Nd3 63.h6 gxh6 64.Kh5 Kd4
65.Kg6 Ke5 66.Kxh6 e3 67.Bd1 Nf4 68.Bf3 Kxf5 69.Kg7 e2  0-1

[Event "10th Sunny Beach Open"]
[Site "Sunny Beach BUL"]
[Date "2011.08.30"]
[Round "4.61"]
[White "Lao,L"]
[Black "Artamonov,Al"]
[Result "1-0"]
[WhiteElo "1882"]
[BlackElo "2048"]

1.Nf3 d5 2.g3 Nf6 3.Bg2 e6 4.O-O Be7 5.d3 O-O 6.Nbd2 c5 7.e4 Nc6 8.c3 h6
9.Re1 b6 10.e5 Nd7 11.h4 Qc7 12.Qe2 f6 13.exf6 Rxf6 14.Bh3 Nf8 15.Nf1 Bd6
16.Bg2 Bd7 17.Bd2 Re8 18.Ne3 Rf7 19.Ng4 e5 20.Ne3 Be6 21.Nh2 Ne7 22.Rad1 Nh7
23.Rf1 Ref8 24.Rde1 Nf6 25.Neg4 Nxg4 26.Nxg4 Bxg4 27.Qxg4 Kh7 28.Bxd5 Nxd5
29.Qe4+ Kh8 30.Qxd5 e4 31.Qxe4 Bxg3 32.fxg3 Qxg3+ 33.Qg2 Rxf1+ 34.Rxf1 Rxf1+
35.Kxf1 Qxd3+ 36.Kg1 Qa6 37.Kh2 Qxa2 38.Be1 a5 39.Bg3 a4 40.Be5 Qf7 41.Qg3 h5
42.Qf4 Qg6 43.Qg3 Qf7 44.Bd6 Qf5 45.Be5 Qf7 46.Qe3 Qg6 47.Qf4 Kh7 48.Qf2 Qe4
49.Qg3 g6  1-0

[Event "TCh-SRB Premier Women"]
[Site "Valjevo SRB"]
[Date "2011.08.31"]
[Round "5.6"]
[White "Stojanovic,Andj"]
[Black "Manakova,M"]
[Result "0-1"]
[WhiteElo "2293"]
[BlackElo "2314"]

1.Nf3 d5 2.g3 Nf6 3.Bg2 e6 4.c4 c5 5.O-O Nc6 6.b3 Be7 7.Bb2 O-O 8.d3 b6 9.e3 Bb7
10.a3 Qc7 11.Nc3 Rad8 12.cxd5 Nxd5 13.Nxd5 Rxd5 14.Qc2 Rd7 15.Rac1 Qd8 16.Rfd1 Bf6
17.Bxf6 Qxf6 18.Ne1 Rc8 19.b4 cxb4 20.axb4 h6 21.Qb1 Rdc7 22.d4 Nd8 23.Rxc7 Rxc7
24.Rc1 Qe7 25.Bxb7 Nxb7 26.Nd3 Nd6 27.Ne5 Nb5 28.Rxc7 Qxc7 29.Qe4 Qc8 30.h4 Nd6
31.Qc6 Qxc6 32.Nxc6 Nb5 33.Kf1 Kf8 34.Ke2 Ke8 35.Kd3 f6 36.Kc4 Nd6+ 37.Kd3 Nb5
38.e4 Kd7 39.d5 exd5 40.exd5 Kd6 41.Kc4 a6 42.Nd8 Kd7 43.Ne6 g5 44.hxg5 hxg5
45.g4 Kd6 46.f4 Nc7 47.fxg5 Nxe6 48.gxf6 b5+ 49.Kd3 Kxd5 50.f7 Nf4+ 51.Ke3 Ng6
52.g5 Ke5 53.Kd3 Kd5 54.Kc3 Ke4 55.Kd2 Kd4 56.Ke2 Ke4 57.Kd2 Nf8 58.Kc3 Ke3
59.Kc2 Kd4 60.Kd2 Ke4 61.Ke2 Kf4 62.Kd3 Kxg5 63.Kd4 Kf4 64.Kd5 Ke3  0-1

[Event "TCh-SRB Premier Men"]
[Site "Valjevo SRB"]
[Date "2011.08.31"]
[Round "5.4"]
[White "Bogosavljevic,B"]
[Black "Stojanovic,Mih"]
[Result "1/2-1/2"]
[WhiteElo "2548"]
[BlackElo "2591"]

1.Nf3 d5 2.g3 c6 3.Bg2 Bf5 4.d3 h6 5.O-O Nf6 6.c4 dxc4 7.dxc4 Nbd7 8.Nc3 e5
9.Nh4 Bh7 10.e4 Nc5 11.Be3 Qd3 12.Qf3 Ncxe4 13.Rfd1 Qc2 14.Rdc1 Qd3 15.Rd1 Qxc4
16.Rac1 Qe6 17.Qe2 Be7 18.Nb5 Rc8 19.f3 Nd6 20.Rxd6 Bxd6 21.Bh3 Qxh3 22.Nxd6+ Kf8
23.Bc5 Kg8 24.Nxc8 Qxc8 25.Qxe5 Nd7 26.Qe7 Nxc5 27.Qxc5 Bd3 28.Qd4 Bf5 29.Qxa7 Be6
30.Qd4 Kh7 31.Qe4+ g6 32.a3 Rd8 33.Re1 Rd6 34.Ng2 Qd8 35.Qb4 b5 36.Nf4 Bc4
37.b3 Rd2 38.Qc3 Qb6+ 39.Qe3 Qxe3+ 40.Rxe3 Bd5 41.Nxd5 Rxd5 42.Rc3 c5 43.Kf2 b4
44.axb4 cxb4 45.Rc4 Rd2+ 46.Ke3 Rxh2 47.Rxb4 h5 48.f4 Kg7 49.Kf3  1/2-1/2

[Event "18th Graz Open"]
[Site "Graz AUT"]
[Date "2011.09.01"]
[Round "6"]
[White "Moser,E"]
[Black "Farago,I"]
[Result "0-1"]
[WhiteElo "2432"]
[BlackElo "2485"]

1.g3 d5 2.Nf3 Nf6 3.Bg2 c6 4.c4 dxc4 5.O-O Nbd7 6.Qc2 Nb6 7.a4 a5 8.Na3 g6
9.Nxc4 Bg7 10.e4 O-O 11.Ne3 Ng4 12.d3 Nxe3 13.Bxe3 Bg4 14.Rab1 Bxf3 15.Bxf3 Bd4
16.b4 axb4 17.Rxb4 c5 18.Rb5 Nxa4 19.Bxd4 cxd4 20.Rd5 Qb6 21.e5 Nc3 22.Rd7 Ra2
23.Qc1 Qc5 24.Qf4 Ne2+ 25.Bxe2 Rxe2 26.Rc1 Qxe5 27.Qxe5 Rxe5 28.Rxb7 Rd8
29.Rcc7 Kf8 30.h4 Rd6 31.Kf1 Rf6 32.Rd7 Re3 33.Rd8+ Kg7 34.Rxd4 Ref3 35.Rxe7 Rxf2+
36.Ke1 Rg2 37.g4 Ra6 38.Kf1 Rh2 39.Kg1 Rxh4 40.Ree4 Ra2 41.Rd7 g5 42.Rd5 h6
43.Rf5 Rd2 44.Rf3 Kg6 45.Rc4 f6 46.Re4 Kf7 47.Ra4 Re2 48.Kf1 Re6 49.Kg2 Re7
50.Kg3 h5 51.Rc4 hxg4 52.Rxg4 Rxg4+ 53.Kxg4 Kg6 54.Rf5 Rd7 55.Rc5 f5+  0-1

[Event "18th Graz Open"]
[Site "Graz AUT"]
[Date "2011.09.01"]
[Round "6"]
[White "Zakharchenko,A"]
[Black "Schnider,G"]
[Result "1-0"]
[WhiteElo "2202"]
[BlackElo "2375"]

1.Nf3 d5 2.g3 Nf6 3.Bg2 c6 4.b3 g6 5.Bb2 Bg7 6.O-O O-O 7.c4 Bf5 8.d3 Qc8
9.Nc3 Bh3 10.Rc1 Bxg2 11.Kxg2 Qd8 12.Qc2 Nbd7 13.e4 dxe4 14.Nxe4 Nxe4 15.Bxg7 Kxg7
16.dxe4 e5 17.Rcd1 Qc7 18.Rd2 f6 19.Rfd1 Rf7 20.Rd6 b6 21.b4 Re8 22.c5 bxc5
23.bxc5 Rb8 24.Nd2 Rb5 25.Nb3 Qb7 26.R1d3 Nb8 27.Rd8 Qc7 28.Qc4 a5 29.a3 Qe7
30.R8d6 Qa7 31.a4 Rb4 32.Qe6 Rxe4 33.Rd8 Rxa4 34.Qc8 Rb4 35.Rg8+ Kh6 36.Qh3+ Kg5
37.f4+ exf4 38.gxf4+ Kxf4 39.Qg3+ Kf5 40.Nd4+ Rxd4 41.Rxd4 h5 42.Qf4+ Ke6
43.Qe4+  1-0